Foes of the red cockade : a story of the French revolution /

Bibliographic Details
Main Author: Brereton, F. S. (Frederick Sadleir), 1872-
Other Authors: Rainey, William E.
Format: Book
Language:English
Published: London : Blackie, [1904?]

MARC

Tag First Indicator Second Indicator Subfields
LEADER 00000cam a2200000 i 4500
001 in00000926331
005 20150924201108.0
008 791205s1904 enka 00011 eng d
035 |a (OCoLC)05762762 
035 |9 AEQ8097AM 
040 |a TXU  |c TXU  |d OCL  |d UtOrBLW 
049 |a TXAM  |c [A13376661] 
050 4 |a PR6003.R359  |b F6 1904 
100 1 |a Brereton, F. S.  |q (Frederick Sadleir),  |d 1872- 
245 1 0 |a Foes of the red cockade :  |b a story of the French revolution /  |c by F.S. Brereton ; illustrated by W. Rainey. 
264 1 |a London :  |b Blackie,  |c [1904?] 
300 |a 374 pages, 1 unnumbered page :  |b illustrations ;  |c 20 cm. 
336 |a text  |b txt  |2 rdacontent 
337 |a unmediated  |b n  |2 rdamedia 
338 |a volume  |b nc  |2 rdacarrier 
700 1 |a Rainey, William E. 
999 |a MARS 
999 f f |s 635af7b2-8f8f-3690-aaea-a4c9d5e8cf30  |i c864bd03-f6f4-3c8d-aad0-50219a5e91e7  |t 0 
952 f f |p normal  |a Texas A&M University  |b College Station  |c Sterling C. Evans Library  |d Evans: Library Stacks  |t 0  |e PR6003.R359 F6 1904  |h Library of Congress classification  |i unmediated -- volume  |m A14813376661 
998 f f |a PR6003.R359 F6 1904  |t 0  |l Evans: Library Stacks